zpět

Detail výsledku týmu

Pivárna, Sloup

Datum a čas kvízu

25.5 Celkem bodů Celkový počet nahraných bodů na tomto kvízu bez doplňovacích otázek.
5. Pořadí na kvízu Konečné umístění týmu na tomto kvízu.

Zaznamenané odpovědi

# Otázka Odpověď Body Výsledky
1. Polistopadový ministr vnitra a... 1
2. Polská policie musela ve střed... 1
3. Ještě nikdy ve své historii ne... 0
4. Společnost Apple využije k vyl... 0
5. Olympijský vítěz z Nagana nabí... 1
6. Také se Vám někdy stane, že v... 0
7. Napište slovo s českým slovním... 1
8. Vzpomeňte si na jednu dříve ho... 0
9. Ve filmu Tajemství hradu v Kar... 1
10. Jaký je význam slova frigidní,... 1